The noble scholar, jurist, historian


 His Excellency Dr. Abdul Wahhab bin Ibrahim Abu Sulaiman, may Allah have mercy on him.


 He was born in Umm Al-Qura in the year 1356 AH.

معجم معالم الحجاز / (Record no. 7448)

MARC details
000 -LEADER
fixed length control field 00874cam a22002411i 4500
003 - CONTROL NUMBER IDENTIFIER
control field SA-RiAUC
005 - DATE AND TIME OF LATEST TRANSACTION
control field 20250430055457.0
008 - FIXED-LENGTH DATA ELEMENTS--GENERAL INFORMATION
fixed length control field 250430s1978 su g d 000 0 ara c
040 ## - CATALOGING SOURCE
Original cataloging agency JO-MaAABU
Language of cataloging ara
Transcribing agency SA-RiAUC
Description conventions rda
043 ## - GEOGRAPHIC AREA CODE
Geographic area code a-su---
082 04 - DEWEY DECIMAL CLASSIFICATION NUMBER
Classification number 915.31203
090 ## - LOCALLY ASSIGNED LC-TYPE CALL NUMBER (OCLC); LOCAL CALL NUMBER (RLIN)
Classification number (OCLC) (R) ; Classification number, CALL (RLIN) (NR) 915.31203
Local cutter number (OCLC) ; Book number/undivided call number, CALL (RLIN) ب ل ا
100 1# - MAIN ENTRY--PERSONAL NAME
Personal name البلادي، عاتق بن غيث بن زوير،
Dates associated with a name 1352-1431 هجري
Relator term مؤلف.
245 10 - TITLE STATEMENT
Title معجم معالم الحجاز /
Statement of responsibility, etc. عاتق بن غيث البلادي.
264 #1 - PRODUCTION, PUBLICATION, DISTRIBUTION, MANUFACTURE, AND COPYRIGHT NOTICE
Place of production, publication, distribution, manufacture مكة الكرمة :
Name of producer, publisher, distributor, manufacturer دار مكة،
Date of production, publication, distribution, manufacture, or copyright notice 1978
300 ## - PHYSICAL DESCRIPTION
Extent 10 مجلد،
Dimensions 24 سم.
336 ## - CONTENT TYPE
Content type term نص
Content type code txt
Source rdacontent
Materials specified كتاب
337 ## - MEDIA TYPE
Media type term بدون وسيط
Media type code n
Source rdamedia
338 ## - CARRIER TYPE
Carrier type term مجلد
Carrier type code nc
Source rdacarrier
651 #7 - SUBJECT ADDED ENTRY--GEOGRAPHIC NAME
Geographic name الحجاز (السعودية)
Form subdivision معاجم جغرافية
Source of heading or term aucsh
942 ## - ADDED ENTRY ELEMENTS (KOHA)
Source of classification or shelving scheme Dewey Decimal Classification
Koha item type Books
949 ## - LOCAL PROCESSING INFORMATION (OCLC)
a SA-JeALM
d 250430
u khaled123
n 1
Holdings
Withdrawn status Lost status Source of classification or shelving scheme Materials specified (bound volume or other part) Damaged status Not for loan Home library Current library Date acquired Total checkouts Full call number Barcode Date last seen Price effective from Koha item type
    Dewey Decimal Classification الجزء الأول     DR AbdElwahab Library DR AbdElwahab Library 04/30/2025   915.31203 ب ل ا 000012469 04/30/2025 04/30/2025 Books
    Dewey Decimal Classification الجزء الثاني     DR AbdElwahab Library DR AbdElwahab Library 04/30/2025   915.31203 ب ل ا 000012470 04/30/2025 04/30/2025 Books
    Dewey Decimal Classification الجزء الثالث     DR AbdElwahab Library DR AbdElwahab Library 04/30/2025   915.31203 ب ل ا 000012471 04/30/2025 04/30/2025 Books
    Dewey Decimal Classification الجزء الرابع     DR AbdElwahab Library DR AbdElwahab Library 04/30/2025   915.31203 ب ل ا 000012472 04/30/2025 04/30/2025 Books
    Dewey Decimal Classification الجزء الخامس     DR AbdElwahab Library DR AbdElwahab Library 04/30/2025   915.31203 ب ل ا 000012473 04/30/2025 04/30/2025 Books
    Dewey Decimal Classification الجزء السادس     DR AbdElwahab Library DR AbdElwahab Library 04/30/2025   915.31203 ب ل ا 000012474 04/30/2025 04/30/2025 Books
    Dewey Decimal Classification الجزء السابع     DR AbdElwahab Library DR AbdElwahab Library 04/30/2025   915.31203 ب ل ا 000012475 04/30/2025 04/30/2025 Books
    Dewey Decimal Classification الجزء الثامن     DR AbdElwahab Library DR AbdElwahab Library 04/30/2025   915.31203 ب ل ا 000012476 04/30/2025 04/30/2025 Books
    Dewey Decimal Classification الجزء التاسع     DR AbdElwahab Library DR AbdElwahab Library 04/30/2025   915.31203 ب ل ا 000012477 04/30/2025 04/30/2025 Books
    Dewey Decimal Classification الجزء العاشر     DR AbdElwahab Library DR AbdElwahab Library 04/30/2025   915.31203 ب ل ا 000012478 04/30/2025 04/30/2025 Books